000 00294nam a22001337a 4500
008 171024b xxu||||| |||| 00| 0 eng d
020 _a5125304062501
041 _aeng
080 _a311
100 _a55
101 _aSTA
245 _aPRINCIPLES OF BIOSTATICS
_cPAGANO.M
942 _2udc
_cBK
999 _c35803
_d35803